| 000 | 01583nam0a2200313 4500 | ||
|---|---|---|---|
| 001 | RU\NLR\BIBL_A\011853493 | ||
| 005 | 20250626140813.0 | ||
| 010 |
_a5-7502-0062-0 _95000 |
||
| 035 | _a(NLR Aleph) 011853493 | ||
| 090 |
_a12114468 _c12114468 |
||
| 100 | _a20181102d1999 |||y0rusy50 ca | ||
| 101 | 1 |
_arus _ceng |
|
| 102 | _aRU | ||
| 105 | _aa z 001zy | ||
| 200 | 1 |
_aБезопасность в Интернете на основе Windows NT _e[полное руководство по технологиям и средствам защиты информации _eперевод с английского] _fМарк Джозеф Эдвардс |
|
| 210 |
_aМосква _cРусская редакция _d1999 |
||
| 215 |
_aXXVII, 619, [1] с. _cил. _d21 |
||
| 300 | _aЗагл. и авт. ориг.: Internet Security wint Windows NT / Mark Joseph Edwards | ||
| 320 | _aПредм. указ.: с. 589-619 | ||
| 454 | 0 |
_12001#$aInternet Security wint Windows NT$fMark Joseph Edwards _1700#1$aEdwards$bM. J.$gMark Joseph _tInternet Security wint Windows NT _aEdwards, Mark Joseph |
|
| 606 | 1 |
_aINTERNET, глобальная информационная сеть _xБезопасность _92079503 _3RU\NLR\AUTH\661255385 |
|
| 606 | 1 |
_aMICROSOFT WINDOWS NT, операционная система _xБезопасность _92090373 _3RU\NLR\AUTH\661265274 |
|
| 686 | 1 | _aЗ988.02-082.03 | |
| 686 | 1 | _aЗ988.02-018.2-07 | |
| 700 | 1 |
_aЭдвардс _bМ. Дж. _gМарк Джозеф |
|
| 942 | _cBOOK | ||
| 980 | _aNB | ||